| 000 | 00845cab a2200205 4500 | ||
|---|---|---|---|
| 001 | L130078 | ||
| 008 | 050620n2005 000 0 eng u | ||
| 035 | _a(Sirsi) u130078 | ||
| 041 | _aeng | ||
| 100 | _aWest, John | ||
| 245 | _aLetting go | ||
| 260 | _c2005 | ||
| 490 |
_aSolicitors' Journal _v149(24) 17 June 2005, 728-730(2) |
||
| 520 | _aInvestigates conditions in leases to restrict subletting with reference to case law, "Allied Dunbar Assurance plc v Homebase Ltd" ([2002] EWCA Civ 666, ABS65740) and "Bocardo SA v S and M Hotels Ltd" ([1979] 252 EG 59). | ||
| 590 | _aIKA040705 | ||
| 650 | _aHOMEBASE LTD AND ANOTHER V ALLIED DUNBAR ASSURANCE PLC | ||
| 650 | _aBOCARDO SA V S&M HOTELS LTD | ||
| 690 | _aPROPERTY-COMMERCIAL PROPERTY-LEASEHOLD COMMERCIAL PROPERTY-COMMERCIAL LANDLORD AND TENANT-BUSINESS TENANCIES | ||
| 942 | _n0 | ||
| 999 |
_c75444 _d75444 |
||